Score 0/23 Timer 10:00
0 Plays Today
Hints Awnsers % Correct
One of the 3 Originals???
99.1%
One of the 3 Originals???
98.8%
One of the 3 Originals???
98.1%
His new name???
96.7%
Left before the team was formed???
96.6%
First to be added to the team???
96.4%
Second to be added???
95%
Third to be added???
94.3%
The teams 'baby sitter'???
92.2%
Original mentor???
92%
Original mentor???
77.6%
Number of episodes in season 1???
77.2%
Hints Awnsers % Correct
How many hours were the legue members gone???
73.6%
Secret evil organization???
73.3%
Superboy's name???
71.7%
Last to be added to the team???
67.7%
Mentor and Uncle???
67.6%
#8 Father???
60.9%
Who takes control of the justice league???
57.4%
Original mentor???
53.5%
Series primere episode title???
52.8%
#8 Mother???
52.1%
Season finale episode title???
33.2%
Remove Ads.
Support Sporcle.
Get the best of Sporcle when you Go Orange. This ad-free experience offers more features, more stats, and more fun while also helping to support Sporcle. Thank you for becoming a member.

You're not logged in!

Compare scores with friends on all Sporcle quizzes.
OR
Log In

Show Comments

Extras

Created Jul 1, 2012ReportNominate
Tags:Anser

Top Quizzes Today


Score Distribution

Your Account Isn't Verified!

In order to create a playlist on Sporcle, you need to verify the email address you used during registration. Go to your Sporcle Settings to finish the process.

Report this User

Report this user for behavior that violates our Community Guidelines.

Details: